Geography Quiz

Random Geography or City Quiz

City Distance Sort Quiz Stats

 Plays Quiz Updated May 28, 2019

Score 0/10 Timer 04:00
0 Plays Today
% Correct
St. Paul to Minneapolis
87.2%
Cleveland to New York
77.2%
London to Paris
72.3%
Beijing to Tokyo
65.7%
Boston to Melbourne
62.3%
Reykjavík to Moscow
56%
Sydney to Mumbai
50.2%
Cairo to Johannesburg
46.6%
Khartoum to Honolulu
39.3%
Rio de Janeiro to Nairobi
30.6%

You're not logged in!

Compare scores with friends on all Sporcle quizzes.
OR
Log In

Sporcle TV

Today on Sporcle TV


Watch our educational content, quiz creation guides, and fun videos on Sporcle TV.

Show Comments

Extras

Top Quizzes Today


Score Distribution

Your Account Isn't Verified!

In order to create a playlist on Sporcle, you need to verify the email address you used during registration. Go to your Sporcle Settings to finish the process.

Report this User

Report this user for behavior that violates our Community Guidelines.

Details: